00629nam a2200181Ia 4500003000400000005001700004008004100021040000700062041000900069082001600078100006400094245008700158260002000245300001100265365001100276650014500287650001500432OSt20250918101924.0210719s1976 xx 000 0 und d cAL aTulu aT894.2 IBRO aIBRAHIM (M S)dಇಬ್ರಾಹಿಂ (ಎಂ ಎಸ್)  aOnji ponnu aaji kannbಒಂಜಿ ಪೊಣ್ಣು ಆಜಿ ಕಣ್ಣ್ aMangaluruc1976 a80bPB b35cRs a ಹಾಸ್ಯಮಯ-ದುಃಖದಾಯಕ- ತುಳು ಸಾಮಾಜಿಕ ನಾಟಕ. Hasyamaya-dukhadayaka-tulu samajika nataka aTulu Drama